| 000 | 00642nam a2200241 a 4500 | ||
|---|---|---|---|
| 001 | 7657 | ||
| 003 | CUTN | ||
| 005 | 20131129113002.0 | ||
| 008 | 060110s2006 enka b 000 0 eng | ||
| 015 |
_aGBA629842 _2bnb |
||
| 020 | _a9788184871470 | ||
| 035 | _a(Uk)013420745 | ||
| 040 |
_aStDuBDS _cLOC |
||
| 082 | 0 | 4 |
_a621.381 _222 |
| 100 | 1 |
_aArun, P. _zARU |
|
| 245 | 1 | 0 |
_aElectronics / _cP. Arun. |
| 260 |
_aDelhi _bNarosa _c2006. |
||
| 300 |
_axi, 423 p. : _bill. ; _c24 cm. |
||
| 504 | _aIncludes bibliographical references. | ||
| 650 | 0 | _aElectronics. | |
| 942 |
_2ddc _cBOOKS _01 |
||
| 999 |
_c1449 _d1449 |
||